[Event "Stuttgarter Stadtmeisterschaft B"]
[Site "Ditzingen"]
[Date "2015.05.14"]
[Round "2.50"]
[White "Giugno, Carmelo"]
[Black "Conrady, Philipp"]
[Result "1-0"]
[WhiteElo "1659"]
[BlackElo "1366"]
[PlyCount "79"]
[EventDate "2015.??.??"]
[WhiteTeam "Stuttgarter SF 1879"]
[BlackTeam "SV Würzburg"]

1. d4 Nf6 2. c4 g6 3. Nc3 Bg7 4. Nf3 O-O 5. Bg5 d6 6. Qc1 Bg4 7. Nh4 Nc6 8. h3
Bd7 9. Nf3 e5 10. dxe5 Nxe5 11. Nxe5 dxe5 12. e4 c6 13. Be2 Qc7 14. Bh6 Ne8 15.
Bxg7 Kxg7 16. g4 f6 17. Qe3 Nd6 18. Rd1 Be6 19. b3 b6 20. h4 f5 21. gxf5 gxf5
22. Rg1+ Kh8 23. Qh6 Qe7 24. Rg6 Rae8 25. Rxd6 Bd7 26. c5 b5 27. b4 Rg8 28.
Rxg8+ Rxg8 29. Qf6+ Qxf6 30. Rxf6 Rg1+ 31. Kd2 Kg7 32. Rd6 Be8 33. exf5 Rh1 34.
Re6 Bf7 35. Rxc6 Rxh4 36. a3 Rd4+ 37. Ke3 h5 38. Nxb5 Rd7 39. Nd6 Bd5 40. Rc7
1-0

[Event "Stuttgarter Stadtmeisterschaft B"]
[Site "Ditzingen"]
[Date "2015.05.14"]
[Round "2.51"]
[White "Christ, Marcel"]
[Black "Stegmiller, Dennis"]
[Result "1-0"]
[WhiteElo "1658"]
[BlackElo "1349"]
[PlyCount "47"]
[EventDate "2015.??.??"]
[WhiteTeam "SC Ingersheim"]
[BlackTeam "TSF Ditzingen"]

1. d4 Nf6 2. c4 g6 3. Nc3 Bg7 4. e4 d6 5. Nf3 O-O 6. h3 Nc6 7. d5 Ne5 8. Nxe5
dxe5 9. Qb3 Ne8 10. Be3 f5 11. f3 Nd6 12. c5 Ne8 13. O-O-O Kh8 14. h4 h5 15.
Bc4 Rb8 16. c6 b6 17. Be2 Rf6 18. Bg5 Rf7 19. d6 Nxd6 20. Rxd6 Qxd6 21. Qxf7
Be6 22. Qxg6 Qxc6 23. exf5 Bd7 24. Qxh5+ 1-0

[Event "Stuttgarter Stadtmeisterschaft B"]
[Site "Ditzingen"]
[Date "2015.05.14"]
[Round "2.52"]
[White "Hoch, Jannik"]
[Black "Lang, Thomas"]
[Result "0-1"]
[WhiteElo "1325"]
[BlackElo "1653"]
[PlyCount "119"]
[EventDate "2015.??.??"]
[WhiteTeam "SV Dettingen Erms"]
[BlackTeam "SV Jedesheim"]

1. e4 e6 2. d4 d5 3. e5 c5 4. c3 Nc6 5. Bb5 Qb6 6. Bxc6+ Qxc6 7. f4 Bd7 8. Nf3
Ne7 9. O-O Nf5 10. b3 Be7 11. Na3 O-O 12. Nc2 cxd4 13. cxd4 Rac8 14. Rf2 Qb6
15. Re2 Rc6 16. Ne3 Nxe3 17. Bxe3 Rfc8 18. Rc1 Rxc1 19. Bxc1 Qc7 20. Bb2 Bb5
21. Rf2 Bb4 22. Kh1 h6 23. a3 Ba5 24. b4 Bb6 25. a4 Bc4 26. a5 Bxa5 27. bxa5
Qxa5 28. Qa1 Qxa1+ 29. Bxa1 Bd3 30. Bb2 a5 31. Rd2 Be4 32. Kg1 b5 33. Ne1 b4
34. Nd3 Bxd3 35. Rxd3 a4 36. Kf1 Rc2 37. Ba3 bxa3 38. Rxa3 Rc4 39. Rd3 a3 40.
Rxa3 Rxd4 41. g3 Kh7 42. Ra7 Kg6 43. Ke2 Rb4 44. Ra2 Re4+ 45. Kf3 Rc4 46. Rd2
Rc3+ 47. Ke2 Kf5 48. Rd3 Rxd3 49. Kxd3 Kg4 50. Kd4 Kh3 51. Kc5 Kxh2 52. f5 Kxg3
53. fxe6 fxe6 54. Kd6 d4 55. Kxe6 d3 56. Kf7 d2 57. e6 d1=Q 58. e7 Qd7 59. Kf8
Qxe7+ 60. Kxe7 0-1

[Event "Stuttgarter Stadtmeisterschaft B"]
[Site "Ditzingen"]
[Date "2015.05.14"]
[Round "2.53"]
[White "Ustaosman, Hasan"]
[Black "Hartmann, Anatoli"]
[Result "0-1"]
[WhiteElo "1145"]
[BlackElo "1630"]
[PlyCount "102"]
[EventDate "2015.??.??"]
[WhiteTeam "TSG Steinheim"]
[BlackTeam "SK Sachsenheim"]

1. d4 d5 2. c4 c5 3. dxc5 Qa5+ 4. Bd2 Qxc5 5. cxd5 Qxd5 6. Nc3 Qd8 7. e4 e6 8.
f4 Nc6 9. Bb5 Bd7 10. Nf3 h6 11. e5 a6 12. Ba4 Qb6 13. Bb3 Bc5 14. Ne4 Nd4 15.
Nxd4 Bxd4 16. Nd6+ Kf8 17. Ne4 Ne7 18. Qc2 Rc8 19. Bc3 Bxc3+ 20. Nxc3 Qe3+ 21.
Qe2 Qxf4 22. Rd1 Bc6 23. Rf1 Qg5 24. Bxe6 g6 25. Bxc8 Nxc8 26. e6 f5 27. Qe5
Rh7 28. Rf2 Be8 29. Rd8 Qxd8 30. Rd2 Qg5 31. Nd5 f4 32. Qxf4+ Qxf4 33. Nxf4 g5
34. Nd5 Bc6 35. Nf6 Re7 36. Rd8+ Kg7 37. Nd7 Rxe6+ 38. Kf2 Rd6 39. Rxc8 Rxd7
40. Ke3 Bxg2 41. Rc2 Bc6 42. b4 Kg6 43. Rc5 Rf7 44. Re5 Rf3+ 45. Ke2 Rh3 46.
Kd2 Rxh2+ 47. Re2 Rxe2+ 48. Kxe2 g4 49. Kf2 h5 50. Kg3 Kg5 51. a3 h4+ 0-1

[Event "Stuttgarter Stadtmeisterschaft B"]
[Site "Ditzingen"]
[Date "2015.05.14"]
[Round "2.55"]
[White "Dallinger, Moritz"]
[Black "Ungerer, Tobias"]
[Result "1-0"]
[WhiteElo "1570"]
[BlackElo "1179"]
[PlyCount "97"]
[EventDate "2015.??.??"]
[WhiteTeam "SV Stuttgart-Wolfbusch"]
[BlackTeam "Schach-Kids Bernhausen"]

1. e4 c5 2. Nf3 d6 3. d4 cxd4 4. Qxd4 Nc6 5. Bb5 e5 6. Qd3 Nf6 7. Bg5 g6 8.
Bxc6+ bxc6 9. Nc3 Bg7 10. O-O-O a5 11. Qxd6 Qxd6 12. Rxd6 Nd7 13. Na4 O-O 14.
Be3 Ra6 15. Nc5 Nxc5 16. Bxc5 Be6 17. a3 Rc8 18. Rhd1 Raa8 19. Kb1 Bf8 20. Rxe6
fxe6 21. Bxf8 Rxf8 22. Rd6 Rac8 23. Kc1 Rfd8 24. Rxe6 Re8 25. Rd6 Red8 26.
Rxd8+ Rxd8 27. Nxe5 c5 28. Nc6 Ra8 29. f4 Kf7 30. Ne5+ Ke6 31. h4 Rf8 32. g3
Ra8 33. c3 a4 34. Kc2 Rc8 35. Kd3 Rb8 36. Nc4 Rd8+ 37. Ke2 Kf6 38. Nb6 h6 39.
Nxa4 c4 40. Nb6 Rd3 41. Nd5+ Ke6 42. Ne3 Kf6 43. a4 Rd8 44. Nxc4 g5 45. a5 Rc8
46. Kd3 gxf4 47. gxf4 Ke6 48. b4 Kd7 49. Nb6+ 1-0

[Event "Stuttgarter Stadtmeisterschaft B"]
[Site "Ditzingen"]
[Date "2015.05.14"]
[Round "2.57"]
[White "Zimmermann, Tobias"]
[Black "Pibernik, Dario"]
[Result "1-0"]
[WhiteElo "1804"]
[BlackElo "1525"]
[PlyCount "85"]
[EventDate "2015.??.??"]
[WhiteTeam "SC Schachmatt Botnang"]
[BlackTeam "SV Schorndorf"]

1. e4 c5 2. Nf3 Nc6 3. d4 cxd4 4. Nxd4 e6 5. Nc3 a6 6. Be2 Bc5 7. Nb3 Ba7 8.
O-O Nge7 9. Bf4 Ng6 10. Bd6 Bb8 11. f4 h5 12. e5 h4 13. h3 Bxd6 14. Qxd6 Qe7
15. Ne4 f5 16. Qxe7+ Kxe7 17. Nd6 b6 18. c3 a5 19. Rad1 Ba6 20. Bxa6 Rxa6 21.
Nd4 Nxd4 22. Rxd4 Rb8 23. a4 Ra7 24. Rfd1 Rc7 25. Kf2 Rh8 26. Kf3 Ra8 27. Nb5
Rb7 28. Rd6 Rc8 29. R6d4 Rd8 30. c4 Nf8 31. Rd6 Rc8 32. b3 Nh7 33. R6d4 Rd8 34.
Nd6 Rc7 35. Rg1 g5 36. g3 hxg3 37. Rxg3 Rg8 38. fxg5 Rxg5 39. Rh4 Rxg3+ 40.
Kxg3 Nf8 41. Rh6 Kd8 42. h4 Rc6 43. Rf6 1-0

[Event "Stuttgarter Stadtmeisterschaft B"]
[Site "Ditzingen"]
[Date "2015.05.15"]
[Round "3.1"]
[White "Bälz, Jürgen"]
[Black "Dreyer, Andre"]
[Result "1-0"]
[WhiteElo "1802"]
[BlackElo "1891"]
[PlyCount "67"]
[EventDate "2015.??.??"]
[WhiteTeam "TSV Willsbach"]
[BlackTeam "SV Stockenhausen-Frommern"]

1. Nf3 d5 2. d4 Nf6 3. c4 e6 4. g3 c6 5. Bg2 dxc4 6. Ne5 Bb4+ 7. Bd2 Qxd4 8.
Bxb4 Qxe5 9. O-O Nd5 10. Qd2 Nxb4 11. Qxb4 a5 12. Qxc4 Qxb2 13. Nc3 Qb4 14. Qd3
O-O 15. Rab1 Qe7 16. a4 Na6 17. Rfc1 Rd8 18. Qe3 Nb4 19. Ne4 e5 20. Nd2 Bf5 21.
Rb2 Rd7 22. h4 Rad8 23. Nc4 Rd1+ 24. Rxd1 Rxd1+ 25. Kh2 b5 26. Nxa5 bxa4 27.
Bxc6 Nxc6 28. Nxc6 Qc7 29. Rb8+ Bc8 30. Rxc8+ Qxc8 31. Ne7+ Kf8 32. Nxc8 f6 33.
Qa3+ Kf7 34. Qxa4 1-0

[Event "Stuttgarter Stadtmeisterschaft B"]
[Site "Ditzingen"]
[Date "2015.05.15"]
[Round "3.2"]
[White "Lüdke, Joshua"]
[Black "Rieder, Josef"]
[Result "1/2-1/2"]
[WhiteElo "1823"]
[BlackElo "1800"]
[PlyCount "79"]
[EventDate "2015.??.??"]
[WhiteTeam "SV Marbach"]
[BlackTeam "Stuttgarter SF"]

1. e4 c5 2. c3 Nf6 3. e5 Nd5 4. Nf3 Nc6 5. Bc4 e6 6. O-O Nb6 7. Bb3 d5 8. d4
Be7 9. Be3 Nd7 10. Bc2 O-O 11. Qd3 f5 12. exf6 Nxf6 13. Bg5 Ne4 14. Bxe7 Qxe7
15. Nbd2 c4 16. Qe2 Nxd2 17. Qxd2 b5 18. Rae1 Bd7 19. Re3 Rae8 20. Rfe1 Qf6 21.
h4 g6 22. h5 gxh5 23. Ne5 Nxe5 24. Rxe5 h4 25. Rh5 Re7 26. Ree5 Rg7 27. Rh6 Qf4
28. Qxf4 Rxf4 29. Reh5 Rfg4 30. g3 hxg3 31. f3 Rf4 32. Rxh7 Rxh7 33. Rxh7 Rf7
34. Rxf7 Kxf7 35. Kg2 Kf6 36. f4 a5 37. Kxg3 b4 38. cxb4 axb4 39. Kf3 Be8 40.
Ke3 1/2-1/2

[Event "Stuttgarter Stadtmeisterschaft B"]
[Site "Ditzingen"]
[Date "2015.05.15"]
[Round "3.4"]
[White "Lehmann, Stefan"]
[Black "Kusch, Jacek"]
[Result "1-0"]
[WhiteElo "1864"]
[BlackElo "1720"]
[PlyCount "51"]
[EventDate "2015.??.??"]
[WhiteTeam "Ssg Fils-Lauter e. V."]
[BlackTeam "SV Urach"]

1. e4 c5 2. Nc3 g6 3. f4 Nc6 4. Nf3 Bg7 5. Bb5 e6 6. Bxc6 bxc6 7. d3 Ne7 8. O-O
d6 9. Qe1 O-O 10. e5 d5 11. Na4 c4 12. dxc4 Ba6 13. b3 dxc4 14. b4 Nd5 15. Nc5
Qb6 16. c3 Rfd8 17. Kh1 Bh6 18. Qh4 Bf8 19. Ng5 h6 20. Nge4 Kh7 21. g4 Bb7 22.
f5 exf5 23. gxf5 h5 24. fxg6+ fxg6 25. Rf7+ Bg7 26. Rxb7 1-0

[Event "Stuttgarter Stadtmeisterschaft B"]
[Site "Ditzingen"]
[Date "2015.05.15"]
[Round "3.5"]
[White "Florin, Jon"]
[Black "Kelemen, Alexander"]
[Result "1-0"]
[WhiteElo "1858"]
[BlackElo "1688"]
[PlyCount "57"]
[EventDate "2015.??.??"]
[BlackTeam "SC Weiße Dame Ulm"]

1. Nf3 c5 2. g3 Nf6 3. Bg2 d5 4. O-O g6 5. d3 Bg7 6. Nbd2 Nc6 7. e4 O-O 8. Re1
Qc7 9. exd5 Nxd5 10. Nc4 Rd8 11. Rb1 b6 12. Ne3 Nxe3 13. Bxe3 e5 14. Ng5 Bb7
15. Ne4 c4 16. Bg5 Rd7 17. Nf6+ Bxf6 18. Bxf6 cxd3 19. cxd3 Qd6 20. Qg4 Re8 21.
Rbc1 Qe6 22. Qxe6 Rxe6 23. Bh3 Rxf6 24. Bxd7 Nd4 25. Kf1 Nf3 26. Re3 Nxh2+ 27.
Ke2 Nf3 28. Rc7 Nd4+ 29. Kf1 1-0

[Event "Stuttgarter Stadtmeisterschaft B"]
[Site "Ditzingen"]
[Date "2015.05.15"]
[Round "3.6"]
[White "Longo, Massimo"]
[Black "Tönjes, Jürgen"]
[Result "1/2-1/2"]
[WhiteElo "1580"]
[BlackElo "1838"]
[PlyCount "123"]
[EventDate "2015.??.??"]
[WhiteTeam "SK Germering"]
[BlackTeam "SF Lilienthal"]

1. d4 d6 2. Nf3 Bg4 3. e3 Nf6 4. h3 Bh5 5. Nc3 c6 6. Be2 Qc7 7. e4 e5 8. Be3
Be7 9. O-O Nbd7 10. a3 O-O 11. d5 Bg6 12. Nd2 Nb6 13. Bf3 Nfd7 14. g4 cxd5 15.
exd5 f5 16. gxf5 Bxf5 17. Bg4 Bxg4 18. Qxg4 Rf6 19. Kh2 Rg6 20. Qe2 Rf8 21. Rg1
Rxg1 22. Rxg1 Nf6 23. Bh6 Rf7 24. Nde4 Nxe4 25. Nxe4 Qd7 26. c4 Kh8 27. Bg5 h6
28. Be3 Nc8 29. Ng3 Bh4 30. Ne4 Qf5 31. Qg4 Qxg4 32. hxg4 Be7 33. g5 hxg5 34.
Bxg5 b6 35. Bxe7 Rxe7 36. Rg6 Kh7 37. Rg4 Rd7 38. Ng5+ Kg8 39. Ne6 Rf7 40. Kg2
Ne7 41. Ng5 Rf8 42. Ne6 Rf7 43. Ng5 Rf8 44. Ne4 Rd8 45. Rg5 Kf7 46. Rh5 Kg6 47.
Rg5+ Kh6 48. Kg3 g6 49. Kg4 Rf8 50. Kh3 Rxf2 51. Rxg6+ Kxg6 52. Nxf2 Kf5 53.
Kg3 e4 54. Ng4 Kg5 55. Ne3 Nf5+ 56. Nxf5 Kxf5 57. Kf2 Kf4 58. b4 e3+ 59. Ke2
Ke4 60. c5 bxc5 61. bxc5 Kxd5 62. cxd6 1/2-1/2

[Event "Stuttgarter Stadtmeisterschaft B"]
[Site "Ditzingen"]
[Date "2015.05.15"]
[Round "3.7"]
[White "Schröck, Holger"]
[Black "Jantos, Stefan"]
[Result "1/2-1/2"]
[WhiteElo "1499"]
[BlackElo "1825"]
[PlyCount "37"]
[EventDate "2015.??.??"]
[WhiteTeam "TSV Heumaden"]
[BlackTeam "SF Oeffingen"]

1. d4 Nf6 2. g3 d5 3. Bg2 e6 4. Bg5 Be7 5. Nf3 Nbd7 6. O-O O-O 7. Qd3 c5 8. c3
c4 9. Qc2 b5 10. Nbd2 Bb7 11. Rfe1 h6 12. Bf4 Nh5 13. e4 Nxf4 14. gxf4 dxe4 15.
Nxe4 Nf6 16. Nxf6+ Bxf6 17. f5 exf5 18. Qxf5 Qb6 19. Ne5 1/2-1/2

[Event "Stuttgarter Stadtmeisterschaft B"]
[Site "Ditzingen"]
[Date "2015.05.15"]
[Round "3.8"]
[White "Mayer, Dietmar"]
[Black "Paschmann, Stefan"]
[Result "0-1"]
[WhiteElo "1730"]
[BlackElo "1881"]
[PlyCount "54"]
[EventDate "2015.??.??"]
[WhiteTeam "SC Böblingen"]
[BlackTeam "Krefelder Schachklub Turm 1851 e"]

1. d4 d5 2. Nf3 Nf6 3. e3 Bf5 4. c4 c6 5. Nc3 e6 6. Bd3 dxc4 7. Bxc4 Be7 8. O-O
Nbd7 9. b3 O-O 10. Bd3 Bxd3 11. Qxd3 Nb6 12. Rd1 Nbd5 13. Bb2 Bb4 14. Rac1 Nxc3
15. Bxc3 Ba3 16. Rb1 Be7 17. Rb2 Nd5 18. Rbd2 a5 19. e4 Nxc3 20. Qxc3 Bb4 21.
Qc4 Bxd2 22. Rxd2 Qe7 23. d5 cxd5 24. exd5 Rac8 25. Qe4 Rfd8 26. Qe5 Qf6 27. d6
Qxe5 0-1

[Event "Stuttgarter Stadtmeisterschaft B"]
[Site "Ditzingen"]
[Date "2015.05.15"]
[Round "3.9"]
[White "Häfele, Torsten"]
[Black "Tölg, Wolfgang"]
[Result "0-1"]
[WhiteElo "1855"]
[BlackElo "1720"]
[PlyCount "50"]
[EventDate "2015.??.??"]
[WhiteTeam "SF Illingen"]
[BlackTeam "SF Oeffingen"]

1. e4 e5 2. Nf3 Nc6 3. Bc4 Bc5 4. c3 d6 5. d3 Be6 6. Bb3 Nf6 7. Bg5 h6 8. Bh4
g5 9. Bg3 Bb6 10. Nbd2 Nh5 11. Bxe6 fxe6 12. Nxe5 Nxg3 13. Nxc6 Bxf2+ 14. Kxf2
Nxh1+ 15. Kg1 bxc6 16. Qh5+ Ke7 17. Kxh1 Qe8 18. Qg4 Rf8 19. Kg1 Rf4 20. Qe2
Qf7 21. Rf1 Rf8 22. g3 Rxf1+ 23. Qxf1 Qxf1+ 24. Nxf1 Rf3 25. d4 Rd3 0-1

[Event "Stuttgarter Stadtmeisterschaft B"]
[Site "Ditzingen"]
[Date "2015.05.15"]
[Round "3.10"]
[White "Reichardt, Bernd"]
[Black "Ellinger, Harald"]
[Result "1-0"]
[WhiteElo "1750"]
[BlackElo "1854"]
[PlyCount "97"]
[EventDate "2015.??.??"]
[WhiteTeam "SF Markgräflerland"]
[BlackTeam "SK Gerlingen"]

1. Nf3 Nf6 2. d4 d5 3. Bf4 e6 4. e3 Bd6 5. Bxd6 Qxd6 6. c3 O-O 7. Nbd2 Nbd7 8.
Bd3 Re8 9. O-O e5 10. dxe5 Nxe5 11. Nxe5 Rxe5 12. Qc2 Rh5 13. g3 Ng4 14. Be2
Rh3 15. Bxg4 Bxg4 16. f3 Bd7 17. Rf2 Re8 18. Nf1 Re6 19. Rd1 Reh6 20. c4 c6 21.
c5 Qe7 22. b4 R3h5 23. e4 Be6 24. a3 f5 25. exd5 Bxd5 26. f4 Re6 27. Rdd2 Re4
28. Rfe2 Rh6 29. Rxe4 fxe4 30. Ne3 Qf7 31. Qd1 Qh5 32. Qxh5 Rxh5 33. g4 Rh4 34.
Kg2 Kf7 35. Kg3 Rh6 36. Nxd5 cxd5 37. Rxd5 Ke7 38. Re5+ Re6 39. Rxe6+ Kxe6 40.
Kf2 Kd5 41. Ke3 h6 42. h4 a6 43. h5 Kc4 44. g5 Kd5 45. g6 a5 46. bxa5 Kxc5 47.
Kxe4 Kd6 48. f5 Ke7 49. Ke5 1-0

[Event "Stuttgarter Stadtmeisterschaft B"]
[Site "Ditzingen"]
[Date "2015.05.15"]
[Round "3.11"]
[White "Jäger, Hans-Ulrich"]
[Black "Richter, Nils"]
[Result "1-0"]
[WhiteElo "1838"]
[BlackElo "1735"]
[PlyCount "65"]
[EventDate "2015.??.??"]
[WhiteTeam "SC Sillenbuch"]
[BlackTeam "TSV/RSK Esslingen"]

1. e4 c6 2. d4 d5 3. e5 Bf5 4. Nc3 e6 5. g4 Bg6 6. Nge2 Nd7 7. h4 h5 8. Nf4 Ne7
9. Nxg6 Nxg6 10. gxh5 Nxh4 11. Qg4 Nf5 12. Bg5 Ne7 13. Bd3 c5 14. Nxd5 exd5 15.
e6 Qb6 16. exd7+ Kd8 17. dxc5 Qxb2 18. O-O Qe5 19. Rfe1 Qc7 20. Bxe7+ Bxe7 21.
Bb5 Qxc5 22. c4 a6 23. Ba4 dxc4 24. Bd1 Qg5 25. Re4 b5 26. Bf3 Ra7 27. Qxg5
Bxg5 28. Bg4 Rxd7 29. Bxd7 Kxd7 30. a4 Re8 31. Rd1+ Kc7 32. Rxe8 c3 33. Re5 1-0

[Event "Stuttgarter Stadtmeisterschaft B"]
[Site "Ditzingen"]
[Date "2015.05.15"]
[Round "3.12"]
[White "Aubel, Stefan"]
[Black "Hornung, Richard"]
[Result "1-0"]
[WhiteElo "1831"]
[BlackElo "1716"]
[PlyCount "80"]
[EventDate "2015.??.??"]
[WhiteTeam "SV Oberstenfeld"]
[BlackTeam "SG Schwabing München"]

1. d4 Nf6 2. c4 c6 3. Nc3 d5 4. cxd5 cxd5 5. Nf3 Nc6 6. Bg5 e6 7. e3 Be7 8. Rc1
O-O 9. Bd3 Ne8 10. Bf4 a6 11. Bb1 f5 12. a3 Nd6 13. Nd2 Ne4 14. Ndxe4 fxe4 15.
O-O Bd7 16. Na4 b6 17. f3 exf3 18. Rxf3 g5 19. Rxc6 gxf4 20. Qc2 Rf5 21. Rc3
fxe3 22. Rcxe3 Rc8 23. Rg3+ Kh8 24. Nc3 Bd6 25. Rh3 Qg5 26. Ref3 Rcf8 27. Rxf5
Rxf5 28. Qd1 Rf7 29. Qe1 e5 30. Rg3 Qh4 31. dxe5 Bc5+ 32. Kh1 Be6 33. Qe2 d4
34. Ne4 Qe7 35. Nxc5 bxc5 36. Qxa6 Qf8 37. h3 Rf1+ 38. Kh2 Rxb1 39. Qxe6 Rxb2
40. Qf6+ Qg7 1-0

[Event "Stuttgarter Stadtmeisterschaft B"]
[Site "Ditzingen"]
[Date "2015.05.15"]
[Round "3.13"]
[White "Herbst, Rudolf"]
[Black "Rühl, Volker"]
[Result "1/2-1/2"]
[WhiteElo "1681"]
[BlackElo "1830"]
[PlyCount "39"]
[EventDate "2015.??.??"]
[WhiteTeam "SG Fasanenhof"]
[BlackTeam "VfL Sindelfingen"]

1. c4 c5 2. Nc3 Nc6 3. Nf3 Nf6 4. d4 cxd4 5. Nxd4 g6 6. g3 Bg7 7. Bg2 O-O 8.
O-O Nxd4 9. Qxd4 d6 10. Rd1 Re8 11. Rb1 Ng4 12. Qd2 Qc7 13. b3 Bd7 14. Bb2 Bc6
15. Nd5 Bxd5 16. Bxd5 Rab8 17. Bxg7 Kxg7 18. Qd4+ Nf6 19. Qxa7 Nd7 20. Qd4+
1/2-1/2

[Event "Stuttgarter Stadtmeisterschaft B"]
[Site "Ditzingen"]
[Date "2015.05.15"]
[Round "3.14"]
[White "Kleih, Julian"]
[Black "Steinmassl, Guido"]
[Result "1-0"]
[WhiteElo "1823"]
[BlackElo "1636"]
[PlyCount "76"]
[EventDate "2015.??.??"]
[WhiteTeam "SV Dettingen Erms"]
[BlackTeam "SK Gerlingen"]

1. d4 Nf6 2. c4 e6 3. g3 Bb4+ 4. Bd2 a5 5. Bg2 O-O 6. Nf3 b6 7. O-O Bb7 8. Bg5
Be7 9. Bxf6 Bxf6 10. Nc3 d6 11. Qc2 Re8 12. Rfd1 Qe7 13. Ng5 Bxg5 14. Bxb7 Ra7
15. Bg2 a4 16. Nxa4 f5 17. Nc3 h5 18. Nb5 Ra6 19. d5 Kh7 20. dxe6 g6 21. Bb7
Bf6 22. Bxa6 Nxa6 23. a3 Qxe6 24. Nd4 Qf7 25. e3 Re4 26. Rac1 Qg7 27. b4 h4 28.
Ne2 h3 29. Nf4 Qh6 30. Qa4 g5 31. Nd5 Nb8 32. Nxf6+ Qxf6 33. Qa7 Qd8 34. c5 Nc6
35. Qb7 Ne5 36. cxb6 Nf3+ 37. Kh1 Re7 38. Qxf3 Qa8 1-0

[Event "Stuttgarter Stadtmeisterschaft B"]
[Site "Ditzingen"]
[Date "2015.05.15"]
[Round "3.15"]
[White "Paulsen, Jonathan"]
[Black "Hahn, Martin"]
[Result "1/2-1/2"]
[WhiteElo "1714"]
[BlackElo "1809"]
[PlyCount "36"]
[EventDate "2015.??.??"]
[WhiteTeam "SC Stetten a.d.F."]
[BlackTeam "SF Oeffingen e.V."]

1. e4 d5 2. d4 dxe4 3. Nc3 e5 4. dxe5 Qxd1+ 5. Kxd1 Nc6 6. Nxe4 Nxe5 7. Bf4 f6
8. Bxe5 fxe5 9. Ne2 Bf5 10. N2c3 O-O-O+ 11. Bd3 Nf6 12. Ke2 Be6 13. a3 Be7 14.
f3 Nd5 15. Nxd5 Bxd5 16. Rad1 g6 17. Rhe1 Rhe8 18. Kf1 a6 1/2-1/2

[Event "Stuttgarter Stadtmeisterschaft B"]
[Site "Ditzingen"]
[Date "2015.05.15"]
[Round "3.16"]
[White "Pfeilsticker, Thorsten"]
[Black "Zimmermann, Tobias"]
[Result "0-1"]
[WhiteElo "1663"]
[BlackElo "1804"]
[PlyCount "58"]
[EventDate "2015.??.??"]
[WhiteTeam "SV Stuttgart-Wolfbusch"]
[BlackTeam "SC Schachmatt Botnang"]

1. b4 e5 2. Bb2 Bxb4 3. Bxe5 Nf6 4. c4 Nc6 5. Bb2 O-O 6. Nf3 b6 7. e3 Bb7 8.
Be2 d5 9. cxd5 Nxd5 10. O-O Be7 11. a3 Bf6 12. d4 g6 13. Qc2 Bg7 14. Nc3 Nxc3
15. Qxc3 Ne7 16. Rac1 c5 17. Rfd1 Nf5 18. Qe1 Qe7 19. g4 Nh4 20. Nxh4 Qxh4 21.
Bc3 c4 22. Bb4 Rfe8 23. Rxc4 Re4 24. Bd6 Rxg4+ 25. Bxg4 Qxg4+ 26. Bg3 Qf3 27.
Kf1 Ba6 28. Rdc1 Rc8 29. Qb4 Qh1+ 0-1

[Event "Stuttgarter Stadtmeisterschaft B"]
[Site "Ditzingen"]
[Date "2015.05.15"]
[Round "3.17"]
[White "Collin, Alexander"]
[Black "Schröder, Stefan"]
[Result "1/2-1/2"]
[WhiteElo "1591"]
[BlackElo "1791"]
[PlyCount "34"]
[EventDate "2015.??.??"]
[WhiteTeam "Schach-Pinguine Murrhardt"]
[BlackTeam "Airbus Helicopters Sportgemeinsc"]

1. e4 d5 2. exd5 Qxd5 3. Nc3 Qa5 4. d4 c6 5. Nf3 Bf5 6. Bc4 Nf6 7. Bd2 Qc7 8.
h3 Ne4 9. Nxe4 Bxe4 10. Be3 e6 11. Bd3 Bxd3 12. Qxd3 Nd7 13. O-O Bd6 14. c3 Nf6
15. Nd2 O-O 16. Ne4 Nxe4 17. Qxe4 Rad8 1/2-1/2

[Event "Stuttgarter Stadtmeisterschaft B"]
[Site "Ditzingen"]
[Date "2015.05.15"]
[Round "3.18"]
[White "Forster, Lukas"]
[Black "Gheng, Dominik"]
[Result "1/2-1/2"]
[WhiteElo "1571"]
[BlackElo "1771"]
[PlyCount "65"]
[EventDate "2015.??.??"]
[WhiteTeam "Stuttgarter SF 1879"]
[BlackTeam "Schach-Kids Bernhausen e.V."]

1. e4 e5 2. Nf3 Nc6 3. Bb5 a6 4. Ba4 Nf6 5. O-O b5 6. Bb3 Be7 7. Re1 d6 8. c3
O-O 9. h3 Na5 10. Bc2 c5 11. d4 exd4 12. cxd4 Nc6 13. a3 Re8 14. b3 Nd7 15. Qd3
Nf8 16. Nc3 Bf6 17. Ne2 cxd4 18. Nexd4 Nxd4 19. Nxd4 d5 20. Bb2 dxe4 21. Rxe4
Bb7 22. Rxe8 Qxe8 23. Bc3 Rd8 24. Re1 Qd7 25. Rd1 Qd5 26. f3 g6 27. Qe3 Qc5 28.
b4 Qc7 29. Ne2 Bxc3 30. Qxc3 Qb6+ 31. Kf1 Rxd1+ 32. Bxd1 Ne6 33. Bb3 1/2-1/2

[Event "Stuttgarter Stadtmeisterschaft B"]
[Site "Ditzingen"]
[Date "2015.05.15"]
[Round "3.19"]
[White "Waibel, Christian"]
[Black "Kaufhold, Stephan"]
[Result "1/2-1/2"]
[WhiteElo "1481"]
[BlackElo "1768"]
[PlyCount "44"]
[EventDate "2015.??.??"]
[WhiteTeam "SG Schwäbisch Gmünd 1872 e.V"]
[BlackTeam "SV Leonberg 1978 eV"]

1. e4 d6 2. Nf3 Nf6 3. Nc3 g6 4. Bc4 Bg7 5. O-O O-O 6. d3 Nc6 7. a3 Bg4 8. h3
Bxf3 9. Qxf3 Ne5 10. Qe2 Nxc4 11. dxc4 c6 12. Rd1 Qc7 13. Be3 Nd7 14. Qd2 Rad8
15. Bh6 Nc5 16. Bxg7 Kxg7 17. Qd4+ e5 18. Qe3 Ne6 19. Ne2 Qb6 20. Qxb6 axb6 21.
Rd2 Rd7 22. Rad1 Rfd8 1/2-1/2

[Event "Stuttgarter Stadtmeisterschaft B"]
[Site "Ditzingen"]
[Date "2015.05.15"]
[Round "3.20"]
[White "Domingos, Antonio"]
[Black "Götze, Peter"]
[Result "1/2-1/2"]
[WhiteElo "1690"]
[BlackElo "1862"]
[PlyCount "139"]
[EventDate "2015.??.??"]
[BlackTeam "SV Besigheim"]

1. e4 d6 2. d4 Nf6 3. Nc3 c6 4. Bd3 e5 5. dxe5 dxe5 6. Bg5 Be7 7. Nf3 Qc7 8.
Qd2 Be6 9. O-O Nbd7 10. Rfe1 O-O 11. Ne2 Rad8 12. Ng3 Rfe8 13. b4 c5 14. a3 c4
15. Be2 b5 16. Qc3 h6 17. Bxf6 Bxf6 18. Rad1 g6 19. Rd2 Nb8 20. Red1 Nc6 21. a4
a6 22. Rxd8 Rxd8 23. axb5 axb5 24. Ra1 Be7 25. Rb1 f6 26. Qe3 Kh7 27. c3 Ra8
28. h4 h5 29. Qc1 Ra2 30. Ne1 Qa7 31. Nc2 Bf8 32. Ra1 Rxa1 33. Qxa1 Qxa1+ 34.
Nxa1 Bh6 35. Nf1 Bc1 36. Ne3 Bb2 37. Nac2 Bxc3 38. Nd5 Bxd5 39. exd5 Nxb4 40.
Na3 Nxd5 41. Nxb5 Bb4 42. Bxc4 Ne7 43. Nc7 Nf5 44. Nd5 Ba3 45. Nxf6+ Kg7 46.
Nd7 Bb2 47. g3 Bd4 48. Nb8 Nxg3 49. Kg2 Nf5 50. Kf1 Nxh4 51. Bd5 Nf5 52. Nc6
Bc3 53. Kg2 Kf6 54. Nb8 Nd4 55. f3 Ne2 56. Be4 Nf4+ 57. Kf1 g5 58. Nd7+ Ke7 59.
Nc5 g4 60. fxg4 hxg4 61. Bf5 g3 62. Be4 Kf6 63. Nd7+ Kg5 64. Bf3 Nd3 65. Kg2
Kf4 66. Bb7 e4 67. Bxe4 Ne1+ 68. Kh3 Bd4 69. Ba8 Bf2 70. Nf6 1/2-1/2

[Event "Stuttgarter Stadtmeisterschaft B"]
[Site "Ditzingen"]
[Date "2015.05.15"]
[Round "3.21"]
[White "Behm, Wilfried"]
[Black "Ziegler, Michael"]
[Result "1-0"]
[WhiteElo "1844"]
[BlackElo "1692"]
[PlyCount "53"]
[EventDate "2015.??.??"]
[WhiteTeam "SV Stuttgart-Wolfbusch"]
[BlackTeam "SF Kornwestheim"]

1. d4 Nf6 2. c4 d6 3. Nc3 Bd7 4. e4 e5 5. d5 Be7 6. Bd3 O-O 7. Nge2 Na6 8. O-O
c6 9. Ng3 Nc5 10. Bc2 cxd5 11. exd5 a5 12. Rb1 Ne8 13. f4 exf4 14. Bxf4 Bg5 15.
Qh5 h6 16. Nf5 Bxf5 17. Bxf5 g6 18. Bxg5 hxg5 19. Bxg6 fxg6 20. Rxf8+ Kxf8 21.
Qh8+ Ke7 22. Qh7+ Kf6 23. Rf1+ Ke5 24. Qxg6 Kd4 25. Qf5 Qd7 26. Rd1+ Kxc4 27.
Qf1+ 1-0

[Event "Stuttgarter Stadtmeisterschaft B"]
[Site "Ditzingen"]
[Date "2015.05.15"]
[Round "3.22"]
[White "Fuchs, Egbert"]
[Black "Pelezki, Sergej"]
[Result "1-0"]
[WhiteElo "1681"]
[BlackElo "1839"]
[PlyCount "62"]
[EventDate "2015.??.??"]
[WhiteTeam "SVG Vaihingen/Enz"]
[BlackTeam "SV 1947 Wendlingen"]

1. d4 d5 2. Nf3 Nf6 3. c4 c6 4. g3 Bf5 5. Bg2 dxc4 6. a4 e6 7. O-O Nbd7 8. Na3
Be7 9. Nxc4 O-O 10. Bf4 Nd5 11. Bd2 N7f6 12. Nh4 Re8 13. Nxf5 exf5 14. Re1 Ne4
15. Qc2 Nxd2 16. Nxd2 Bb4 17. e3 g6 18. Re2 Rc8 19. Rc1 Nf6 20. Nf3 Qa5 21. Ne5
Ne4 22. Bxe4 fxe4 23. Qb3 Re7 24. Nc4 Qh5 25. Qxb4 c5 26. Qd2 cxd4 27. exd4 b5
28. axb5 Qxb5 29. Qc3 Rec7 30. b3 Qh5 31. Rxe4 Qd5 1-0